000 00869nam a2200265 i 4500
001 103599
003 ES-MaACL
005 20250804062603.0
007 t|
008 060421s2006 sp ||||1| spa d
020 _a84-206-5995-9
080 _a929 Felipe (460) IV
080 _a394.012(460)"16"
100 1 _aDeleito y Piñuela, José,
_d1879-1957
_943365
245 1 3 _aEl rey se divierte /
_cJosé Deleito y Piñuela.
250 _a1ª ed. en Area de conocimiento.
260 _aMadrid :
_bAlianza,
_c2006.
300 _a379 p. ;
_c18 cm.
490 1 _alibro de bolsillo. Humanidades ;
_v4243
600 0 4 _aFelipe
_bIV,
_cRey de España
_949181
650 1 4 _aCorte y cortesanos-
_zEspaña-
_yS.XVII.
_911384
830 0 3 _aEl libro de bolsillo.
_pHumanidades
_v4243
_9178672
852 _aES-MaACL
_jC-56837
_bR.137396
999 _c103599
_d103599